Dimensions of development administration / (Record no. 90557)

MARC details
000 -LEADER
fixed length control field 00655nam a22002057a 4500
005 - DATE AND TIME OF LATEST TRANSACTION
control field 20150107112853.0
010 ## - LCCN (DPL NO)
LC control number ENG-111500
020 ## - INTERNATIONAL STANDARD BOOK NUMBER
International Standard Book Number 9788174879073
Terms of availability 650.00
020 ## - INTERNATIONAL STANDARD BOOK NUMBER
International Standard Book Number 8174879072
Terms of availability 650.00
035 ## - SYSTEM CONTROL NUMBER
System control number EN-95032
037 ## - SOURCE OF ACQUISITION
Source of stock number/acquisition DBAD/PUB
082 ## - DEWEY DECIMAL CLASSIFICATION NUMBER
Classification number 352.1409542
100 ## - MAIN ENTRY--PERSONAL NAME
Personal name Chaturvedi,Rajshree
245 ## - TITLE STATEMENT
Title Dimensions of development administration /
Statement of responsibility, etc by Rajshree Chaturvedi
260 ## - PUBLICATION, DISTRIBUTION, ETC. (IMPRINT)
Place of publication, distribution, etc New Delhi
Name of publisher, distributor, etc Radha Publications
Date of publication, distribution, etc 2014
270 ## - ADDRESS
Address 4231/1,Ansari Road,Daryaganj
City New Delhi
Postal code 110002
300 ## - PHYSICAL DESCRIPTION
Extent xx,238p. :
Other physical details ill.
Dimensions 22cm(Hb)
500 ## - GENERAL NOTE
General note Includes bibliographical references
942 ## - ADDED ENTRY ELEMENTS (KOHA)
Source of classification or shelving scheme Dewey Decimal Classification
Item type English Books
Call number suffix CHA
Classification part 352.1409542
Holdings
Withdrawn status Lost status Not for loan Collection code Home library Current library Date acquired Source of acquisition Cost, normal purchase price Full call number Barcode Copy number Cost, replacement price Koha item type
    Not For Loan Non-fiction D.B.Act.Division D.B.Act.Division 06/01/2015 DBAD / PUB 650.00 352.1409542 CHA EN-95032 1 650.00 English Books

© Delhi Public Library
Hit Counter
free hit counter